| 000 | 00771nam a22002057a 4500 | ||
|---|---|---|---|
| 005 | 20251108172646.0 | ||
| 008 | 250721s2002 jo gr 000 0 ara d | ||
| 082 | 1 | 4 |
_a004 _bو ر د |
| 100 | 1 |
_aالوردي، زكي حسين _eمؤلف. |
|
| 245 | 1 | 0 |
_aالمعلومات والمجتمع / _cتاليف الدكتور زكي حسين الوردي، الدكتور مجبل لازم المالكي. |
| 250 | _aالطبعة الاولى. | ||
| 264 | 3 | 1 |
_aعمان : _bالوراق للنشر والتوزيع، _c2002 |
| 300 | _a325صفحة. | ||
| 650 | 1 | 7 | _aالمعلومات |
| 650 | 1 | 7 | _aالمجتمع |
| 650 | 1 | 7 | _aتكنولوجيا المعلومات |
| 700 | 1 |
_aالمالكي، مجبل لازم _eمؤلف |
|
| 942 |
_2ddc _cBK |
||
| 999 |
_c85215 _d85215 |
||